000 00589nam a2200229Ia 4500
003 OSt
005 20230323115418.0
008 210423s2005 xx 000 0 und d
020 _a195650387
040 _cAL
041 _aeng
082 _a338.02
_223
_bSENA
100 _aSEN (Amartya)
_976979
245 _aCommodities and capabilities
260 _aNew Delhi
_bOxford University Press
_c2005
300 _axii,89
_bPB
365 _b150
_cINR
650 _aEconomics
_976980
650 _aProduction Economics
_976981
906 _acapabilities ; Commodities
942 _2ddc
_cBK
999 _c155701
_d155701